Detalles MARC
| 000 -CABECERA |
| campo de control de longitud fija |
03242nam a2200253 i 4500 |
| 003 - IDENTIFICADOR DEL NÚMERO DE CONTROL |
| campo de control |
DO-SdUEMH |
| 005 - FECHA Y HORA DE LA ÚLTIMA TRANSACCIÓN |
| campo de control |
20260114164813.0 |
| 007 - CAMPO FIJO DE DESCRIPCIÓN FÍSICA--INFORMACIÓN GENERAL |
| campo de control de longitud fija |
ta |
| 008 - DATOS DE LONGITUD FIJA--INFORMACIÓN GENERAL |
| campo de control de longitud fija |
260114s2006 dr |||gr|||| 00| 0 spa d |
| 020 ## - NÚMERO INTERNACIONAL ESTÁNDAR DEL LIBRO |
| Número Internacional Estándar del Libro |
|
| 040 ## - FUENTE DE LA CATALOGACIÓN |
| Centro catalogador/agencia de origen |
DO-SdUEMH |
| Lengua de catalogación |
spa |
| Normas de descripción |
rda |
| 041 ## - CÓDIGO DE LENGUA |
| Código de lengua del texto/banda sonora o título independiente |
spa |
| 082 14 - NÚMERO DE LA CLASIFICACIÓN DECIMAL DEWEY |
| Colección |
Colección Dominicana |
| Número de documento/Ítem |
V648 |
| 100 #1 - ENTRADA PRINCIPAL--NOMBRE DE PERSONA |
| Término indicativo de función/relación |
autor |
| 245 ## - MENCIÓN DE TÍTULO |
| Título |
Formularios de los Procedimientos Civil y Comercial Dominicano / |
| Mención de responsabilidad, etc. |
Trajano Vidal Potentini |
| 264 #1 - PRODUCCIÓN, PUBLICACIÓN, DISTRIBUCIÓN, FABRICACIÓN Y COPYRIGHT |
| Lugar de producción, publicación, distribución, fabricación |
Santo Domingo, República Dominicana : |
| Nombre del de productor, editor, distribuidor, fabricante |
Dalis, |
| Fecha de producción, publicación, distribución, fabricación o copyright |
2006 |
| 264 #4 - PRODUCCIÓN, PUBLICACIÓN, DISTRIBUCIÓN, FABRICACIÓN Y COPYRIGHT |
| Fecha de producción, publicación, distribución, fabricación o copyright |
©2006 |
| 300 ## - DESCRIPCIÓN FÍSICA |
| Extensión |
328 páginas : |
| Dimensiones |
23 cm. |
| 336 ## - TIPO DE CONTENIDO |
| Fuente |
rdacontent |
| Término de tipo de contenido |
texto |
| Código de tipo de contenido |
txt |
| 337 ## - TIPO DE MEDIO |
| Fuente |
rdamedia |
| Nombre del tipo de medio |
sin mediación |
| Código del tipo de medio |
n |
| 338 ## - TIPO DE SOPORTE |
| Fuente |
rdacarrier |
| Nombre del tipo de soporte |
volumen |
| Código del tipo de soporte |
nc |
| 505 #2 - NOTA DE CONTENIDO CON FORMATO |
| Nota de contenido con formato |
Procedimiento de desarrollo por falta de pagos de alquileres vencidos -- Procedimiento de desarrollo ante oficina de control alquileres -- Estado de gastos y honorarios en procedimiento de desalojo -- Procedimiento de impugnación estado de gastos y honorarios -- Procedimiento de Constitución de inmueble en bien de familia -- Procedimiento para constituir consejo de familia de menor de edad -- Procedimiento para recuperación de los jueces de paz -- Procedimiento para obtener copia de un acto -- Procedimiento para obtener la validez de un desistimiento -- Procedimiento de informativo testimonial -- Procedimiento de demanda en detención de actos de abogados y alguaciles -- Procedimiento de demanda en intervención forzosa -- Procedimiento de demanda en referimiento en suspensión de ejecución de sentencia -- Procedimiento de rectificación acta estado civil -- Procedimiento para retirar fondos de un banco propiedad de una sucesión -- Procedimiento de cambio de nombre de una persona -- Procedimiento de ejecución en los contratos de préstamos con garantía de prenda sin desapoderamiento -- Procedimiento para invocar un medio de inadmisibilidad -- Procedimiento de demanda de declaratoria de interdicción -- Procedimiento para pedir declaratoria de ausencia de una persona -- Procedimientos de solicitud de reapertura de debates -- Procedimiento de intervención voluntaria -- Procedimiento para adquirir nacionalidad dominicana por naturalización -- Procedimiento de inscripción en falsedad ante el juzgado de paz -- Procedimiento de inscripción en falsedad por ante la suprema corte de justicia -- Procedimiento de demanda en guarda de menor de edad -- Procedimiento de inscripción del lugares ( incidente de la prueba - medida de instrucción) -- Procedimiento de demanda incidental de proceso de validez de oferta real de pago -- Procedimiento de declaratoria de quiebra de compañía por acciones -- Procedimiento de contundencia y declaratoria del vencimiento de fianza judicial -- Procedimiento de solicitud de pronunciamiento de perención de instancia -- Procedimiento en caso de accidente de vehículos de motor -- Procedimiento de demanda en ejecución de contrato y pago de póliza de seguros -- Procedimiento de demanda en ejecución de un testamento (en entrega de un legado testamentario) -- Procedimiento de verificación de estructura y de firma -- Procedimiento de inscripción en falsedad (falsedad como incidente) -- Procedimiento para la liquidación de daños y perjuicios ordenados por sentencia. |
| 942 ## - ELEMENTOS DE PUNTO DE ACCESO ADICIONAL (KOHA) |
| Fuente del sistema de clasificación o colocación |
Dewey Decimal Classification |
| Tipo de ítem Koha |
Libro |
| Suprimir en OPAC |
No |